LEADER 01305nam a2200265 i 4500 001 000000107567 003 CaOOAMICUS 005 20220928122216.0 008 040802s1995 it u000 u ita u 013 $a79838 040 $aSeMil$bita 110 0 $aAssociazione Arte e Spiritualitą.$0(OLS)http://semarc/name/45281 245 13$aLa scultura /$cCollezione d'Arte Contemporanea, Associazione Arte e Spiritualitą, Brescia ; a cura di Cecilia De Carli. 260 $aBrescia :$bAssociazione Arte e Spiritualitą,$ccopyr. 1995. 300 $a254 p. :$briccamente ill. ;$c28 cm 500 $aContiene : Appendice ; Bibliografia generale. 650 4$aBrescia - Associazione arte e spiritualitą - Collezioni.$0(OLS)http://semarc/subject/18909 650 4$aScultura - Sec. 20. - Collezioni - Brescia - Associazione arte e spiritualitą.$0(OLS)http://semarc/subject/18911 700 1 $aDe Carli, Cecilia,$d<1948- >.$0(OLS)http://semarc/name/20610 850 $aSeMil 852 $aSeMil$W1$xVenegono$y1$m5Q VII 14$j220552$B63663$CSeMilBibl$Z2$F85284 $8I 961 $aOmaggio: Citterio Ecc. Bernardo 996 $6245$aLa scultura$9(OLS)http://semarc/title/18764 996 $6260$aBrescia :$bAssociazione Arte e Spiritualitą$9(OLS)http://semarc/publisher/35284 LEADER 01176nam a2200301 i 4500 001 000000116057 003 CaOOAMICUS 005 20190923155740.0 008 030606s1988 it u000 u ita u 013 $a88746 020 $a88-7750-121-9 040 $aSeMil$bita 245 13$aLo Stato e la Chiesa :$bventi secoli di relazioni /$cLorenzo Spinelli. 260 $aTorino :$bUTET Libreria,$c1988. 300 $aVII, 162 p. ;$c24 cm. 490 0 $aStoria 500 $aIn appendice: Evoluzione storica della legislazione ecclesiastica italiana 541 1 $aFondo Card. C.M. Martini 650 4$aChiesa e Stato.$0(OLS)http://semarc/subject/1242 830 0$aStoria [Utet].$0(OLS)http://semarc/title/425837 850 $aSeMil 852 $aSeMil$W1$xVenegono$y1$m2J IV 232$j71540$B71540$CSeMilBibl$Z2$F75905 $81 941 1 $a4 961 $aOmaggio: Martini Card. Carlo Maria 996 $6020$a88-7750-121-9$9(OLS)http://semarc/number/100063 996 $6245$aLo Stato e la Chiesa :$bventi secoli di relazioni$9(OLS)http://semarc/title/170115 996 $6260$aTorino :$bUTET Libreria$9(OLS)http://semarc/publisher/32208